| 000 | 01924nam a2200505 i 4500 | ||
|---|---|---|---|
| 001 | 22395 | ||
| 003 | KOSZ 005 | ||
| 005 | 20220818134152.0 | ||
| 008 | 220818s1980 pl a f 000 0 pol | ||
| 015 | _aUWD 1980/9905 | ||
| 020 | _a8321329195 | ||
| 035 | _a991013570319705066 | ||
| 035 | _a(PL-WaBN)b13654822-48omnis_nlop | ||
| 035 | _ab13654822 | ||
| 035 | _a(OCoLC)751518130 | ||
| 035 | _a(PL)b0000001365482 | ||
| 035 | _a(EXLNZ-48OMNIS_NETWORK)9910201256205606 | ||
| 040 |
_aWA N _cWA N _dKOSZ 005/HR _dKOSZ 005/RW |
||
| 046 | _k1980 | ||
| 080 | _a624.01/.07 | ||
| 100 | 1 |
_aHop, Tadeusz _d(1920-2007) _eAutor |
|
| 245 | 1 | 0 |
_aKonstrukcje warstwowe / _cTadeusz Hop ; [recenzenci dr inż. Bohdan Koy, doc. dr inż. Jerzy Pogorzelski]. |
| 260 |
_aWarszawa : _b"Arkady", _c1980. |
||
| 300 |
_a486, [1] stron : _bilustracje, tabele, wykresy ; _c25 cm. |
||
| 336 |
_aTekst _btxt _2rdacontent |
||
| 337 |
_aBez urządzenia pośredniczącego _bn _2rdamedia |
||
| 338 |
_aWolumin _bnc _2rdacarrier |
||
| 380 | _aKsiążki | ||
| 380 | _aPublikacje fachowe | ||
| 380 | _aPublikacje dyaktyczne | ||
| 385 |
_mPoziom nauczania _aSzkoły wyższe |
||
| 388 | 1 | _a1901-2000 | |
| 388 | 1 | _a1945-1989 | |
| 504 | _aBibliografia na stronach 479-[487]. | ||
| 521 | 8 | _aKsiążka jest przeznaczona dla inżynierów projektantów i wykonawców konstrukcji warstwowych oraz może być wykorzystana przez studentów wydziałów budowlanych wyższych uczelni technicznych. | |
| 650 | 7 |
_aKonstrukcje budowlane _2DBN |
|
| 655 | 7 | _aOpracowanie | |
| 658 | _aArchitektura i budownictwo | ||
| 700 | 1 |
_aKoy, Bohdan _eRecenzja |
|
| 700 | 1 |
_aPogorzelski, Jerzy _d(1910- ) _eRecenzja |
|
| 710 | 2 |
_aWydawnictwo Arkady _4pbl |
|
| 856 |
_uhttp://koha.tu.koszalin.pl/cgi-bin/koha/opac-detail.pl?biblionumber=22395 _yKatalog online BPK |
||
| 942 |
_2UKD _cKS |
||
| 999 |
_c22395 _d22395 |
||